|
|
|
|
| LEADER |
00000nab a2200000uu 4500 |
| 001 |
vtls011147049 |
| 003 |
SK-MaSNL |
| 005 |
20260303111957.0 |
| 008 |
230121|1975 xo |||||||||||||||||slo| |
| 015 |
|
|
|a SNBRB
|
| 035 |
|
|
|a (urnnbn)urn:nbn:sk:snk:ar-a09ux3
|
| 035 |
|
|
|a (uuid)bcf49c52-8ea7-412a-9b6c-f7daa969af8a
|
| 035 |
|
|
|a urn:nbn:sk:snk-abaxh6
|
| 040 |
|
|
|a SNKBUCL
|b slo
|c SNKBUCL
|e AACR2
|
| 041 |
0 |
|
|a slo
|
| 044 |
|
|
|a xo
|c SK
|
| 100 |
1 |
|
|a Ladický, Ján
|4 aut
|9 1125039
|
| 245 |
1 |
0 |
|a Využitie reverznej osmózy
|c Ján Ladický
|
| 773 |
0 |
|
|t Vodohospodársky spravodajca
|g Roč. 18, č. 1 (1975), s. [30]-32
|
| 954 |
|
|
|a odborná, vedecká literatúra pôvodná (slovenská)
|2 lita
|
| 958 |
|
|
|a OND
|
| 958 |
|
|
|a EUIPO
|
| 958 |
|
|
|a article14
|
| 999 |
|
|
|c 1880721
|d 1882651
|